| 000 | 00380nam a2200145 4500 | ||
|---|---|---|---|
| 999 |
_c9451 _d9451 |
||
| 003 | OSt | ||
| 005 | 20210623105705.0 | ||
| 008 | 210623b ||||| |||| 00| 0 eng d | ||
| 020 | _a9780143029892 | ||
| 082 |
_a954 _bTHA |
||
| 100 | _aThapar, Romila | ||
| 245 | _a The Penguin history of early India : from the origins to AD 1300 | ||
| 260 |
_aUSA _bPenguin books _c2002 |
||
| 942 | _2ddc | ||